| 000 | 01233pam a2200373 a 4500 | ||
|---|---|---|---|
| 001 | 4217 | ||
| 003 | FISKH | ||
| 005 | 20250206155900.0 | ||
| 008 | 981021s1999 nyua j 000 1 eng | ||
| 010 | _a 98046856 | ||
| 020 | _a0679890793 (trade) | ||
| 020 | _a0679990798 (lib. ed.) | ||
| 040 |
_aDLC _cDLC _dDLC _beng |
||
| 050 | _aPZ7.R8139 | ||
| 082 | _a813.54 | ||
| 100 | 1 |
_aRoy, Ron, _d1940- |
|
| 245 | 1 | 4 |
_aThe haunted hotel / _cby Ron Roy ; illustrated by John Steven Gurney. |
| 250 | _aFirst Scholastic printing, February 2001 | ||
| 260 |
_aNew York : _bScholastic, _c1999. |
||
| 300 |
_a87 pages : _billustrations ; _c20 cm |
||
| 490 | 1 | _aA to Z mysteries | |
| 500 | _a"A Stepping Stone Book" | ||
| 505 | _aK | ||
| 520 | _aWhen the guests of the Shangri-La Hotel are scared away by a white-haired female ghost, Dink and his friends investigate the mystery. | ||
| 521 | 8 |
_a510
_bLexile |
|
| 521 | 8 |
_aK
_bRaz-Plus |
|
| 650 | 1 |
_aGhosts _vFiction. |
|
| 650 | 1 |
_aHotels, motels, etc. _vFiction. |
|
| 650 | 1 | _aMystery and detective stories. | |
| 700 | 1 |
_aGurney, John Steven, _d1962- _eillustrator |
|
| 906 |
_a7 _bcbc _corignew _d1 _eocip _f19 _gy-gencatlg |
||
| 942 |
_2ddc _cBK _n0 |
||
| 999 |
_c4217 _d4217 |
||